Experiències amb el compost / Josep M. Camps ... [et al.]
Descripción Física:
140 p. ; 23 cm
Otros Autores:
Camps, Josep
MARC
| LEADER | 00000nam a2200000Ia 4500 | ||
|---|---|---|---|
| 001 | 4953 | ||
| 008 | 160829s1987 xx 000 0 cat d | ||
| 080 | |a C-1-287 | ||
| 245 | |a Experiències amb el compost / Josep M. Camps ... [et al.] | ||
| 260 | |a Barcelona : |b Diputació de Barcelona. Servei del Medi Ambient, |c 1987 | ||
| 300 | |a 140 p. ; |c 23 cm | ||
| 490 | |a Estudis i monografies [del Servei del Medi Ambient] ; 12 | ||
| 650 | |a Compost |9 35476 | ||
| 650 | |a Residus orgànics (Adobs) |9 35477 | ||
| 650 | 0 | |a Reciclatge (Residus, etc.) |9 26176 | |
| 700 | |a Camps, Josep |9 35478 | ||
| 710 | 1 | |a Barcelona (Catalunya : Província). |b Servei de Medi Ambient |9 53475 | |
| 901 | |a Arxiu | ||
| 942 | |n 1 | ||
| 952 | |0 0 |1 0 |4 0 |6 C1287 |7 1 |9 46920 |a Arxiu |b Arxiu |d 2016-12-01 |l 0 |o C-1-287 |p 4953 |r 2016-12-01 00:00:00 |w 2016-12-01 |y ARXIU | ||
| 999 | |c 50713 |d 50713 | ||